000 00466nam a2200181Ia 4500
001 13220
005 20260306163037.0
008 260306t2008||||xx |||||||||||||| ||spa||
041 _aESP
082 _a001.42
_bC35
100 _aCastro Nogueira, Luis
_eAUT
245 0 _aMetodología de las ciencias sociales:
_buna introducción crítica
260 _c2008
300 _a863 páginas :
_c24 cm.
650 _aGEN
654 _aCHU
942 _cLIB
_dJUS
_fJUS
_2ddc
_n
999 _c13220
_d13220